Finite free resolutions /

Guardado en:
Autor Principal: Northcott, D. G.
Formato: Libro
Idioma:English
Publicado: Cambridge : Cambridge University Press, 1976.
Series:Cambridge tracts in mathematics ; 71
Materias:
Acceso en línea:Publisher description
Etiquetas: Agregar Etiqueta
Sin Etiquetas, Sea el primero en etiquetar este registro!
LEADER 01079cam a2200253 a 4500
001 MAT.inmabb002962
008 751028s1976####enk######b####001#0#eng##
005 20130326163017.0
245 1 0 |a Finite free resolutions /  |c D. G. Northcott. 
260 |a Cambridge :  |b Cambridge University Press,  |c 1976. 
300 |a xii, 271 p. ;  |c 23 cm. 
440 0 |a Cambridge tracts in mathematics ;  |v 71 
504 |a Bibliografía: p. 265-267. 
505 8 |a 1. Matrices and determinants -- 2. Free modules -- 3. The invariants of Fitting and MacRae -- 4. Stability and finite free resolutions -- 5. Latent non-zerodivisors -- 6. Grade and finite free resolutions -- 7. The multiplicative structure 
510 4 |a MR,  |c 57 #377 
020 |a 0521211557 
100 1 |a Northcott, D. G.  |q (Douglas Geoffrey) 
650 0 |a Algebra, Homological. 
650 0 |a Modules (Algebra) 
084 |a 16E05 (18G10)  |2 msc2000 
010 |a  75031397  
040 |a DLC  |c DLC  |d DLC 
856 4 2 |3 Publisher description  |u http://www.loc.gov/catdir/description/cam041/75031397.html 
859 |h 16  |i N873  |p A-4825  |b BIB. MATEMATICA